Magyar és osztrák világörökségi helyszínek turisztikai vonzerő-fejlesztésének hatásvizsgálata. Összehasonlító elemzés
| Szerző: | |
|---|---|
| További közreműködők: | |
| Dokumentumtípus: | Diplomadolgozat |
| Kulcsszavak: | Örökségturizmus Világörökség Turizmus, vallási Turizmusfejlesztés Pannonhalmi Bencés Főapátság Melki Apátság, Stift Melk Esettanulmány Elemzés, összehasonlító |
| Online Access: | http://dolgozattar.uni-bge.hu/59393 |
MARC
| LEADER | 00000nta a2200000 i 4500 | ||
|---|---|---|---|
| 001 | dolg59393 | ||
| 005 | 20260114130942.0 | ||
| 008 | 260114suuuu hu om 000 hun d | ||
| 040 | |a BGE Dolgozattár Repozitórium |b hun | ||
| 041 | |a hu | ||
| 100 | 1 | |a Szoláry Adrienn | |
| 245 | 1 | 0 | |a Magyar és osztrák világörökségi helyszínek turisztikai vonzerő-fejlesztésének hatásvizsgálata. Összehasonlító elemzés |c Szoláry Adrienn |h [elektronikus dokumentum] |
| 695 | |a Örökségturizmus | ||
| 695 | |a Világörökség | ||
| 695 | |a Turizmus, vallási | ||
| 695 | |a Turizmusfejlesztés | ||
| 695 | |a Pannonhalmi Bencés Főapátság | ||
| 695 | |a Melki Apátság, Stift Melk | ||
| 695 | |a Esettanulmány | ||
| 695 | |a Elemzés, összehasonlító | ||
| 700 | 1 | |a Tardy Dr. János |e ths | |
| 856 | 4 | 0 | |u http://dolgozattar.uni-bge.hu/59393/1/Szolary-Adrienn.pdf |z Dokumentum-elérés |